La nueva espiritualidad familiar / (Record no. 72792)

MARC details
000 -LEADER
campo de control de longitud fija 00489nam a2200169 i 4500
001 - NÚMERO DE CONTROL
campo de control 72792
003 - IDENTIFICADOR DE NÚMERO DE CONTROL
campo de control ES-MaACL
005 - FECHA Y HORA DE LA ÚLTIMA TRANSACCIÓN
campo de control 20230906171546.0
007 - CAMPO FIJO DE DESCRIPCIÓN FÍSICA--INFORMACIÓN GENERAL
campo de control de longitud fija t|
008 - DATOS DE LONGITUD FIJA--INFORMACIÓN GENERAL
campo de control de longitud fija 040903s1967 sp ||||1| spa d
100 1# - ENTRADA PRINCIPAL--NOMBRE DE PERSONA
Nombre de persona Goffi, Tullo.
9 (RLIN) 57586
245 13 - MENCIÓN DEL TÍTULO
Título La nueva espiritualidad familiar /
Mención de responsabilidad, etc. T. Goffi ; [traductor, Juan Navarro Abad].
260 ## - PUBLICACIÓN, DISTRIBUCIÓN, ETC.
Lugar de publicación, distribución, etc. Madrid :
Nombre del editor, distribuidor, etc. Atenas,
Fecha de publicación, distribución, etc. [1967]
300 ## - DESCRIPCIÓN FÍSICA
Extensión 190 p. ;
Dimensiones 19 cm.
700 1# - ENTRADA AGREGADA--NOMBRE PERSONAL
Nombre de persona Navarro Abad, Juan.
9 (RLIN) 85089
852 ## - LOCALIZACIÓN
Ubicación ES-MaACL
Número de control de estantería C-32903
Sublocalización o colección R.63857
Holdings
Estatus retirado Estado de pérdida Estado de daño No para préstamo Biblioteca de origen Biblioteca actual Ubicación en estantería Fecha de adquisición Fuente de adquisición Total de préstamos Signatura topográfica completa Código de barras Visto por última vez Precio de reemplazo Tipo de ítem Koha
        Biblioteca del Ateneo de Madrid Biblioteca del Ateneo de Madrid Depósito 2 17/01/2008     C-32903 1076200 23/02/2023 23/02/2023 Libro impreso